00660nam a2200241 a 4500001001300000003000900013005001700022008004100039020000900080082001800089100002100107245001700128260003500145300000900180500003500189505001000224650001400234700002100248902000800269942000700277952011700284999001700401nice12345678IN_TiNIC20260116013906.0050524s1990 dela grp 000 0 urd  ac4500a297.211bKHA1 aKhan, Waheedudin aAllahu Akbar aDelhibMaktaba Ar-Risalac1990 a287p aincludes index and biblioraphy2 aIndex aGod-Islam1 aKhan, Waheedudin bSRS cBK 001040708StackRoom-aHMIbHMId2007-07-11g45.00l0o297.211 KHA1p015457r2007-07-11v45.00w2005-05-24yBK c12982d12982